000
00368nam a2200181Ia 4500
100
_a
Rao/P.N
650
_a
MANUFACTURING
490
_v
2
942
_c
BK
366
_f
17.5
654
_a
manufacturing
245
_a
Manufacturing technology-2
260
_b
McGraw Hill
_a
New Delhi
_c
2009
082
_b
RAO
300
_a
476
546
_a
ENGLISH
999
_c
26865
_d
26865